|
|
|
|
| LEADER |
02735nam a2200637 4500 |
| 001 |
ocn904400159 |
| 003 |
OCoLC |
| 005 |
20171024110611.0 |
| 006 |
m o d |
| 007 |
cr ||||||||||| |
| 008 |
150303s2015 enk obf 001 0 eng |
| 010 |
|
|
|a 2015008427
|
| 040 |
|
|
|a DLC
|b eng
|e rda
|e pn
|c DLC
|d YDX
|d OCLCF
|d N$T
|d DG1
|d YDXCP
|d EBLCP
|d OCLCQ
|d N15
|d IDEBK
|d OCLCQ
|d DEBBG
|d OCLCQ
|d KSU
|d STF
|d LIP
|d VGM
|d OCLCQ
|d GrThAP
|
| 019 |
|
|
|a 918623985
|a 927509197
|
| 020 |
|
|
|a 9781118916230
|q (Adobe PDF)
|
| 020 |
|
|
|a 1118916239
|q (Adobe PDF)
|
| 020 |
|
|
|a 9781118916247
|q (ePub)
|
| 020 |
|
|
|a 1118916247
|q (ePub)
|
| 020 |
|
|
|a 9781118574089
|
| 020 |
|
|
|a 1118574087
|
| 020 |
|
|
|z 9781118573945
|q (hardback ;
|q set)
|
| 029 |
1 |
|
|a CHNEW
|b 000944070
|
| 029 |
1 |
|
|a CHVBK
|b 48024300X
|
| 029 |
1 |
|
|a DEBBG
|b BV043397585
|
| 029 |
1 |
|
|a NLGGC
|b 395955181
|
| 035 |
|
|
|a (OCoLC)904400159
|z (OCoLC)918623985
|z (OCoLC)927509197
|
| 042 |
|
|
|a pcc
|
| 050 |
0 |
0 |
|a RC552.E18
|
| 072 |
|
7 |
|a HEA
|x 039000
|2 bisacsh
|
| 072 |
|
7 |
|a MED
|x 014000
|2 bisacsh
|
| 072 |
|
7 |
|a MED
|x 022000
|2 bisacsh
|
| 072 |
|
7 |
|a MED
|x 112000
|2 bisacsh
|
| 072 |
|
7 |
|a MED
|x 045000
|2 bisacsh
|
| 082 |
0 |
0 |
|a 616.85/26
|2 23
|
| 084 |
|
|
|a PSY007000
|2 bisacsh
|
| 049 |
|
|
|a MAIN
|
| 245 |
0 |
4 |
|a The Wiley handbook of eating disorders /
|c Linda Smolak and Michael P. Levine, editors.
|
| 264 |
|
1 |
|a Chichester, West Sussex ;
|a Malden, MA :
|b John Wiley & Sons,
|c 2015.
|
| 300 |
|
|
|a 1 online resource
|
| 336 |
|
|
|a text
|b txt
|2 rdacontent
|
| 337 |
|
|
|a computer
|b c
|2 rdamedia
|
| 338 |
|
|
|a online resource
|b cr
|2 rdacarrier
|
| 520 |
|
|
|a "This groundbreaking two-volume handbook, edited by two of the leading authorities on body image and eating disorders research, provides evidence-based analysis of the causes, treatment, and prevention of eating disorders"--
|c Provided by publisher.
|
| 504 |
|
|
|a Includes bibliographical references and index.
|
| 588 |
0 |
|
|a Print version record and CIP data provided by publisher.
|
| 505 |
0 |
|
|a Volume 1. Basic concepts and foundational research -- volume 2. Assessment, prevention, treatment, policy, and future directions.
|
| 650 |
|
0 |
|a Eating disorders
|v Handbooks, manuals, etc.
|
| 650 |
|
7 |
|a PSYCHOLOGY
|x Clinical Psychology.
|2 bisacsh
|
| 650 |
|
7 |
|a Eating disorders.
|2 fast
|0 (OCoLC)fst00901199
|
| 655 |
|
4 |
|a Electronic books.
|
| 655 |
|
7 |
|a Handbooks and manuals.
|2 fast
|0 (OCoLC)fst01423877
|
| 700 |
1 |
|
|a Smolak, Linda,
|d 1951-
|e editor.
|
| 700 |
1 |
|
|a Levine, Michael P.,
|e editor.
|
| 776 |
0 |
8 |
|i Print version:
|t Wiley handbook of eating disorders.
|d Chichester, West Sussex ; Malden, MA : John Wiley & Sons, 2015
|z 9781118573945
|w (DLC) 2015007885
|
| 856 |
4 |
0 |
|u https://doi.org/10.1002/9781118574089
|z Full Text via HEAL-Link
|
| 994 |
|
|
|a 92
|b DG1
|